000 04806cam a22005055a 4500
005 20090217114729.0
008 081107s2008 ii b 000 0 eng
010 _aB-341214-232
020 _a9788123753744
_c45.00
035 _aB-341214-232
037 _bNorth India Publishers
040 _adpl
_bEnglish
082 _a921
100 _aAmrik Singh
245 _aMulk Raj Anand:
_cby Amrik Singh
_brole and achievement /
260 _aNew Delhi
_bNational Book Trust
_c2008
270 _aNehru Bhawan, 5 Institutional Area, Phase II, Vasant Kunj
_bNew Delhi
_e110070
300 _aviii,138 p. :
_c22 cm.(pbk)
_bcol. photos
490 _aNational biography
651 _aIndia
_xHistory
_ySepoy Rebellion, 1857-1858.
651 _aPunjab (India)
_xPolitics and government
_y19th century.
651 _aHaryana (India)
_xPolitics and government
_y19th century.
651 _aHimachal Pradesh (India)
_xPolitics and government
_y19th century.
942 _2ddc
_cEN
_h921
_mAMR
999 _c23971
_d23971